MARC details
| 000 -LEADER |
| fixed length control field |
03908nam a22006615i 4500 |
| 005 - DATE AND TIME OF LATEST TRANSACTION |
| control field |
20230718140323.0 |
| 006 - FIXED-LENGTH DATA ELEMENTS--ADDITIONAL MATERIAL CHARACTERISTICS |
| fixed length control field |
m|||||o||d|||||||| |
| 007 - PHYSICAL DESCRIPTION FIXED FIELD--GENERAL INFORMATION |
| fixed length control field |
cr || |||||||| |
| 008 - FIXED-LENGTH DATA ELEMENTS--GENERAL INFORMATION |
| fixed length control field |
221201t20212021gw fo d z spa d |
| 020 ## - INTERNATIONAL STANDARD BOOK NUMBER |
| International Standard Book Number |
9783839458839 |
| 040 ## - CATALOGING SOURCE |
| Original cataloging agency |
DE-B1597 |
| Language of cataloging |
eng |
| Transcribing agency |
DE-B1597 |
| Description conventions |
rda |
| 041 0# - LANGUAGE CODE |
| Language code of text/sound track or separate title |
spa |
| 082 04 - DEWEY DECIMAL CLASSIFICATION NUMBER |
| Field link and sequence number |
3p |
| Classification number |
900 |
| Assigning agency |
DE-101 |
| 100 1# - MAIN ENTRY--PERSONAL NAME |
| Personal name |
Müller, Andrea Heidy, |
| Relator term |
author. |
| Relator code |
aut |
| -- |
http://id.loc.gov/vocabulary/relators/aut |
| 245 10 - TITLE STATEMENT |
| Title |
Repensar la Revolución del Poncho : |
| Remainder of title |
Activismo católico y políticas de representación en el espacio andino del Ecuador (1955-1988) / |
| Statement of responsibility, etc. |
Andrea Heidy Müller. |
| 264 #1 - PRODUCTION, PUBLICATION, DISTRIBUTION, MANUFACTURE, AND COPYRIGHT NOTICE |
| Place of production, publication, distribution, manufacture |
Bielefeld : |
| Name of producer, publisher, distributor, manufacturer |
transcript Verlag, |
| Date of production, publication, distribution, manufacture, or copyright notice |
[2021] |
| 264 #4 - PRODUCTION, PUBLICATION, DISTRIBUTION, MANUFACTURE, AND COPYRIGHT NOTICE |
| Date of production, publication, distribution, manufacture, or copyright notice |
©2021 |
| 300 ## - PHYSICAL DESCRIPTION |
| Extent |
1 online resource (380 p.) |
| 336 ## - CONTENT TYPE |
| Content type term |
text |
| Content type code |
txt |
| Source |
rdacontent |
| 337 ## - MEDIA TYPE |
| Media type term |
computer |
| Media type code |
c |
| Source |
rdamedia |
| 338 ## - CARRIER TYPE |
| Carrier type term |
online resource |
| Carrier type code |
cr |
| Source |
rdacarrier |
| 347 ## - DIGITAL FILE CHARACTERISTICS |
| File type |
text file |
| Encoding format |
PDF |
| Source |
rda |
| 490 0# - SERIES STATEMENT |
| Series statement |
Histoire ; |
| Volume/sequential designation |
191 |
| 505 00 - FORMATTED CONTENTS NOTE |
| Title |
Frontmatter -- |
| -- |
Índice -- |
| -- |
AGRADECIMIENTOS -- |
| -- |
INTRODUCCIÓN -- |
| -- |
PRIMERA PARTE -- |
| -- |
1. La Iglesia Católica entre el indigenismo y las confusiones de cambio (1955-1969) -- |
| -- |
SEGUNDA PARTE -- |
| -- |
2. Activismo católico: teología de la liberación, pastoral indígena y cooperación internacional para el desarrollo (1970-1986) -- |
| -- |
TERCERA PARTE -- |
| -- |
3. Luchas en el espacio andino: movimiento indígena, derechos humanos y resistencias a la representación (1972-1988) -- |
| -- |
CONCLUSIONES -- |
| -- |
APÉNDICES |
| 506 0# - RESTRICTIONS ON ACCESS NOTE |
| Standardized terminology for access restriction |
unrestricted online access |
| Source of term |
star |
| 520 ## - SUMMARY, ETC. |
| Summary, etc. |
Este libro ofrece el primer estudio histórico integral sobre la teología de la liberación en Ecuador. Al indagar más allá del llamado »Obispo de los Indios« (L. Proaño), la obra desmitifica las narrativas dominantes sobre el activismo católico postconciliar en los Andes. Este estudio, a partir de la investigación de archivo y la historia oral, explora los entrelazamientos entre el catolicismo progresista latinoamericano, el activismo religioso local, y la formación del movimiento indígena. Repensar la Revolución del Poncho arroja nuevas luces sobre las expresiones locales de un fenómeno transnacional, y sus vínculos con los discursos sobre derechos humanos y la cooperación internacional para el desarrollo. |
| 536 ## - FUNDING INFORMATION NOTE |
| Text of note |
funded by Swiss National Science Foundation (SNSF) |
| 538 ## - SYSTEM DETAILS NOTE |
| System details note |
Mode of access: Internet via World Wide Web. |
| 540 ## - TERMS GOVERNING USE AND REPRODUCTION NOTE |
| Terms governing use and reproduction |
This eBook is made available Open Access under a CC BY-NC-ND 4.0 license: |
| Uniform Resource Identifier |
<a href="https://creativecommons.org/licenses/by-nc-nd/4.0 ">https://creativecommons.org/licenses/by-nc-nd/4.0 </a> |
| -- |
<a href="https://www.degruyter.com/dg/page/open-access-policy">https://www.degruyter.com/dg/page/open-access-policy</a> |
| 546 ## - LANGUAGE NOTE |
| Language note |
In Spanish, Castilian. |
| 588 0# - SOURCE OF DESCRIPTION NOTE |
| Source of description note |
Description based on online resource; title from PDF title page (publisher's Web site, viewed 01. Dez 2022) |
| 650 #4 - SUBJECT ADDED ENTRY--TOPICAL TERM |
| Topical term or geographic name entry element |
América Latina. |
| 650 #4 - SUBJECT ADDED ENTRY--TOPICAL TERM |
| Topical term or geographic name entry element |
Ecuador. |
| 650 #4 - SUBJECT ADDED ENTRY--TOPICAL TERM |
| Topical term or geographic name entry element |
Historia de América del Sur. |
| 650 #4 - SUBJECT ADDED ENTRY--TOPICAL TERM |
| Topical term or geographic name entry element |
Historia del Siglo XX. |
| 650 #4 - SUBJECT ADDED ENTRY--TOPICAL TERM |
| Topical term or geographic name entry element |
Historiografía. |
| 650 #4 - SUBJECT ADDED ENTRY--TOPICAL TERM |
| Topical term or geographic name entry element |
Movimiento Indígena. |
| 650 #4 - SUBJECT ADDED ENTRY--TOPICAL TERM |
| Topical term or geographic name entry element |
Movimientos Sociales. |
| 650 #4 - SUBJECT ADDED ENTRY--TOPICAL TERM |
| Topical term or geographic name entry element |
Política. |
| 650 #4 - SUBJECT ADDED ENTRY--TOPICAL TERM |
| Topical term or geographic name entry element |
Religión. |
| 650 #4 - SUBJECT ADDED ENTRY--TOPICAL TERM |
| Topical term or geographic name entry element |
Sociedad Civil. |
| 650 #4 - SUBJECT ADDED ENTRY--TOPICAL TERM |
| Topical term or geographic name entry element |
Teología de la Liberación. |
| 650 #7 - SUBJECT ADDED ENTRY--TOPICAL TERM |
| Topical term or geographic name entry element |
HISTORY / Latin America / South America. |
| Source of heading or term |
bisacsh |
| 653 ## - INDEX TERM--UNCONTROLLED |
| Uncontrolled term |
Civil Society. |
| 653 ## - INDEX TERM--UNCONTROLLED |
| Uncontrolled term |
Ecuador. |
| 653 ## - INDEX TERM--UNCONTROLLED |
| Uncontrolled term |
History of the 20th Century. |
| 653 ## - INDEX TERM--UNCONTROLLED |
| Uncontrolled term |
History. |
| 653 ## - INDEX TERM--UNCONTROLLED |
| Uncontrolled term |
Politics. |
| 653 ## - INDEX TERM--UNCONTROLLED |
| Uncontrolled term |
Religion. |
| 653 ## - INDEX TERM--UNCONTROLLED |
| Uncontrolled term |
Social Movements. |
| 653 ## - INDEX TERM--UNCONTROLLED |
| Uncontrolled term |
South American History. |
| 710 2# - ADDED ENTRY--CORPORATE NAME |
| Corporate name or jurisdiction name as entry element |
Swiss National Science Foundation (SNSF) |
| Relator term |
funder. |
| Relator code |
fnd |
| -- |
http://id.loc.gov/vocabulary/relators/fnd |
| 776 0# - ADDITIONAL PHYSICAL FORM ENTRY |
| Qualifying information |
print |
| International Standard Book Number |
9783837658835 |
| 856 40 - ELECTRONIC LOCATION AND ACCESS |
| Uniform Resource Identifier |
<a href="https://doi.org/10.1515/9783839458839?locatt=mode:legacy">https://doi.org/10.1515/9783839458839?locatt=mode:legacy</a> |
| Public note |
Open Access |
| -- |
0 |
| 856 40 - ELECTRONIC LOCATION AND ACCESS |
| Uniform Resource Identifier |
<a href="https://www.degruyter.com/isbn/9783839458839">https://www.degruyter.com/isbn/9783839458839</a> |
| Public note |
Open Access |
| -- |
0 |
| 856 42 - ELECTRONIC LOCATION AND ACCESS |
| Materials specified |
Cover |
| Uniform Resource Identifier |
<a href="https://www.degruyter.com/document/cover/isbn/9783839458839/original">https://www.degruyter.com/document/cover/isbn/9783839458839/original</a> |
| 942 ## - ADDED ENTRY ELEMENTS (KOHA) |
| Koha item type |
E-Book |